Informácia o vývoji miezd a produktivity práce v SR v 1. polroku 1997

Analýza vývoja miezd a produktivity práce za 1. polrok 1997 v porovnaní s 1. polrokom 1996. Vzťah vývoja miezd k vybraným kvalitatívnym ukazovateľom v súkromných podnikoch. Analýza vzťahu miezd a produktivity práce v ťažiskových výrobných odvetviach (priemysel, stavebníctvo, doprava, vnútorný obchod...

Descrizione completa

Salvato in:
Dettagli Bibliografici
Natura: Libro
Lingua:slovacco
Soggetti:
Tags: Aggiungi Tag
Nessun Tag, puoi essere il primo ad aggiungerne!!

MARC

LEADER 00000nam a2200000 4500
001 r030171
005 20230824093411.1
041 0 |a slo 
044 |a SK 
245 1 0 |a Informácia o vývoji miezd a produktivity práce v SR v 1. polroku 1997 
520 |a Analýza vývoja miezd a produktivity práce za 1. polrok 1997 v porovnaní s 1. polrokom 1996. Vzťah vývoja miezd k vybraným kvalitatívnym ukazovateľom v súkromných podnikoch. Analýza vzťahu miezd a produktivity práce v ťažiskových výrobných odvetviach (priemysel, stavebníctvo, doprava, vnútorný obchod). Hospodársky výsledok v neziskových podnikoch s 20 a viac pracovníkmi. 
610 2 0 |a mzdy 
610 2 0 |a produktivita práce 
610 2 0 |a Slovensko 
610 2 0 |a podnik súkromný 
610 2 0 |a podnik štátny 
610 2 0 |a priemysel 
610 2 0 |a stavebníctvo 
610 2 0 |a doprava 
610 2 0 |a obchod vnútorný 
610 2 0 |a 1996-1997 
610 2 0 |a január-jún